书目信息 |
| 题名: |
基因的萦梦
|
|
| 作者: | 谈家桢 著 | |
| 分册: | ||
| 出版信息: | 天津 百花文艺出版社 2000.01 |
|
| 页数: | 297页 | |
| 开本: | 32开 | |
| 丛书名: | ||
| 单 册: | ||
| 中图分类: | I267 | |
| 科图分类: | ||
| 主题词: | 散文--中国 , 散文--作品综合集--中国 | |
| 电子资源: | ||
| ISBN: | 7-5306-2900-X | |
| 000 | 00567nam0 2200205 45 | |
| 001 | 0011062015 | |
| 005 | 20001106203726.0 | |
| 010 | @a7-5306-2900-X@d17.80元 | |
| 100 | @a20001106d2000 km y0chiy0120 ea | |
| 101 | 0 | @achi |
| 105 | @a z 000yy | |
| 200 | 1 | @a基因的萦梦@AJi Yin De Ying Meng@f谈家桢著@FTan Jia Zhen Zhu |
| 210 | @a天津@c百花文艺出版社@d2000.01 | |
| 215 | @a297页@d32开 | |
| 606 | 0 | @a散文@x中国 |
| 606 | 0 | @a散文@x作品综合集@x中国 |
| 690 | @aI267@v3 | |
| 701 | 0 | @a谈家桢@4著 |
| 801 | @aCN@bPftUser@c20001106 | |
| 905 | @b210928-932@dI267@eT967@f5 | |
| 基因的萦梦/谈家桢著.-天津:百花文艺出版社,2000.01 |
| 297页;32开 |
| ISBN 7-5306-2900-X:17.80元 |
| ● |
| 相关链接 |
|
|
|
正题名:基因的萦梦
索取号:I267/T967
 
预约/预借
| 序号 | 登录号 | 条形码 | 馆藏地/架位号 | 状态 | 备注 |
| 1 | 0193582 | 201935825 | 文学库116/116文学库 6排5列5层/ | 在馆 | |
| 2 | 210928 | 202109280 | 文学库116/ [索取号:I267/T967] | 在馆 | |
| 3 | 210929 | 202109299 | 社科二线422/422社科库 27排1列3层/ [索取号:I267/T967] | 在馆 | |
| 4 | 210930 | 202109306 | 文学库116/116文学库 6排5列5层/ [索取号:I267/T967] | 在馆 | |
| 5 | 210931 | 202109315 | 社科二线422/422社科库 27排1列3层/ [索取号:I267/T967] | 在馆 | |
| 6 | 210932 | 202109324 | 社科二线422/422社科库 27排1列3层/ [索取号:I267/T967] | 在馆 |